| 000 | 00486cam a2200157 4500500 | ||
|---|---|---|---|
| 005 | 20250921003616.0 | ||
| 041 | _afre | ||
| 042 | _adc | ||
| 245 | 0 | 0 | _aPhilosophie de Don Quichotte-le Reel N’a Pas Lieu |
| 260 | _c2014. | ||
| 500 | _a5 | ||
| 690 | _aDon Quichotte | ||
| 690 | _aMichel Onfray | ||
| 786 | 0 | _nPhilosophie Magazine | 81 | 7 | 2014-07-01 | p. 71-71 | |
| 856 | 4 | 1 | _uhttps://shs.cairn.info/magazine-philosophie-magazine-2014-7-page-71?lang=fr&redirect-ssocas=7080 |
| 999 |
_c1506666 _d1506666 |
||